Statistics for Swedish players who played in the Overwatch League

Click here to take the quiz!

General Stats

  • This quiz has been taken 15 times
  • The average score is 10 of 15

Answer Stats

Player1st team% Correct
kevster
93%
TviQ
86%
CWoosH
79%
Nevix
79%
SparkR
71%
chipshajen
64%
cocco
64%
ELLIVOTE
64%
LullSiSH
64%
iddqd
57%
Manneten
57%
Mendokusaii
57%
Zebbosai
57%
snillo
50%
SharP
43%

Score Distribution

Percentile by Number Answered

Percent of People with Each Score

Your Score History

You have not taken this quiz